[Event "7th Cattolica Open-B 2020"]
[Site "Cattolica"]
[Date "2020.08.31"]
[Round "1.2"]
[White "Cote, Frederic"]
[Black "Bosio, Andrea"]
[Result "1-0"]
[WhiteElo "1917"]
[BlackElo "1659"]
[Annotator "ChessBase"]
[PlyCount "49"]
[EventDate "2020.08.31"]
[EventType "swiss"]
[EventCountry "ITA"]
[SourceTitle "playchess.com"]
[Source "ChessBase"]
[SourceQuality "1"]
[TimeControl "5400+30"]

1. e4 {[%emt 0:00:00]} e5 {[%emt 0:00:00]} 2. Nf3 {[%emt 0:00:00]} Nc6 {[%emt 0:00:00]} 3. d3 {[%emt 0:00:27]} Nf6 {[%emt 0:00:26]} 4. Be2 {[%emt 0:00:26]} d5 {[%emt 0:01:22]} 5. Nbd2 {[%emt 0:00:16]} Bd6 {[%emt 0:00:40]} 6. O-O {[%emt 0:00:13]} O-O {[%emt 0:00:50]} 7. c3 {[%emt 0:00:20]} h6 {[%emt 0:04:39]} 8. b4 {[%emt 0:05:01]} Re8 {[%emt 0:05:54]} 9. a3 {[%emt 0:03:12]} a5 {[%emt 0:02:35]} 10. Bb2 {[%emt 0:03:16]} dxe4 {[%emt 0:07:59]} 11. dxe4 {[%emt 0:00:35]} Bg4 {[%emt 0:05:19]} 12. Qc2 {[%emt 0:02:18]} axb4 {[%emt 0:06:16]} 13. axb4 {[%emt 0:02:10]} Qd7 {[%emt 0:06:16]} 14. Nc4 {[%emt 0:09:23]} Nh5 {[%emt 0:06:30]} 15. Rxa8 {[%emt 0:02:40]} Rxa8 {[%emt 0:00:16]} 16. b5 {[%emt 0:00:24]} Qe6 {[%emt 0:22:33]} 17. bxc6 {[%emt 0:06:07]} Nf4 {[%emt 0:02:32]} 18. Nxd6 {[%emt 0:04:17]} cxd6 {[%emt 0:00:44]} 19. cxb7 {[%emt 0:00:57]} Rb8 {[%emt 0:00:27]} 20. Bc1 {[%emt 0:00:55]} Nxg2 {[%emt 0:01:44]} 21. Kxg2 {[%emt 0:03:06]} Bh3+ {[%emt 0:00:25]} 22. Kh1 {[%emt 0:00:21]} Bxf1 {[%emt 0:00:48]} 23. Bxf1 {[%emt 0:00:14]} Qg4 {[%emt 0:00:34]} 24. Be2 {[%emt 0:02:27]} Rxb7 {[%emt 0:00:48]} 25. Qd3 {[%emt 0:03:48]} 1-0

[Event "7th Cattolica Open-B 2020"]
[Site "Cattolica"]
[Date "2020.08.31"]
[Round "1.4"]
[White "Giovannini, Roberto"]
[Black "Danese, Aldo"]
[Result "1/2-1/2"]
[WhiteElo "1893"]
[BlackElo "1634"]
[Annotator "NA"]
[PlyCount "96"]
[EventDate "2020.08.31"]
[EventType "swiss"]
[EventCountry "ITA"]
[SourceTitle "playchess.com"]
[Source "ChessBase"]
[SourceQuality "1"]
[TimeControl "5400+30"]

1. d4 {[%emt 0:00:00]} g6 {[%emt 0:00:00]} 2. Nf3 {[%emt 0:00:09]} d6 {[%emt 0:00:00]} 3. Bf4 {[%emt 0:00:00]} Bg7 {[%emt 0:00:00]} 4. e3 {[%emt 0:00:36]} Nf6 {[%emt 0:00:01]} 5. Be2 {[%emt 0:00:18]} O-O {[%emt 0:00:38]} 6. O-O {[%emt 0:00:34]} Nh5 {[%emt 0:00:14]} 7. Bg5 {[%emt 0:00:10]} Nd7 {[%emt 0:01:48]} 8. a4 {[%emt 0:02:29]} c6 {[%emt 0:00:59]} 9. Na3 {[%emt 0:01:00]} Nhf6 {[%emt 0:00:35]} 10. c3 {[%emt 0:01:19]} h6 {[%emt 0:00:40]} 11. Bh4 {[%emt 0:00:36]} g5 {[%emt 0:00:08]} 12. Bg3 {[%emt 0:00:20]} Ne4 {[%emt 0:00:11]} 13. Nc4 {[%emt 0:01:00]} Nxg3 {[%emt 0:01:10]} 14. hxg3 {[%emt 0:01:10]} f5 {[%emt 0:02:49]} 15. Qb3 {[%emt 0:02:41]} Kh8 {[%emt 0:00:23]} 16. Kh2 {[%emt 0:07:56]} Bf6 {[%emt 0:05:08]} 17. Rh1 {[%emt 0:00:30]} Kg7 {[%emt 0:00:14]} 18. a5 {[%emt 0:02:21]} Rh8 {[%emt 0:00:34]} 19. Kg1 {[%emt 0:02:19]} Rb8 {[%emt 0:01:14]} 20. Qc2 {[%emt 0:00:48]} Nf8 {[%emt 0:00:24]} 21. Bd3 {[%emt 0:00:54]} e6 {[%emt 0:00:33]} 22. b4 {[%emt 0:05:27]} a6 {[%emt 0:02:00]} 23. Nb6 {[%emt 0:02:46]} Bd7 {[%emt 0:00:32]} 24. e4 {[%emt 0:00:32]} fxe4 {[%emt 0:04:23]} 25. Bxe4 {[%emt 0:00:20]} Be8 {[%emt 0:00:10]} 26. Re1 {[%emt 0:01:15]} Bf7 {[%emt 0:01:03]} 27. Bd3 {[%emt 0:01:40]} Qc7 {[%emt 0:00:25]} 28. Nc4 {[%emt 0:01:27]} Re8 {[%emt 0:00:28]} 29. Ne3 {[%emt 0:02:14]} Bg6 {[%emt 0:02:38]} 30. Bxg6 {[%emt 0:04:09]} Nxg6 {[%emt 0:01:43]} 31. Rh5 {[%emt 0:02:20]} Qf7 {[%emt 0:01:51]} 32. Rh1 {[%emt 0:12:46]} Bd8 {[%emt 0:01:52]} 33. Re2 {[%emt 0:04:44]} d5 {[%emt 0:02:39]} 34. Ng4 {[%emt 0:00:43]} Bc7 {[%emt 0:00:27]} 35. Nge5 {[%emt 0:04:30]} Bxe5 {[%emt 0:02:19]} 36. Nxe5 {[%emt 0:00:22]} Qf5 {[%emt 0:00:12]} 37. Qd2 {[%emt 0:04:57]} Re7 {[%emt 0:01:52]} 38. Kh2 {[%emt 0:03:55]} h5 {[%emt 0:05:09]} 39. Nxg6 {[%emt 0:01:03]} Kxg6 {[%emt 0:00:27]} 40. Re5 {[%emt 0:00:38]} Qf6 {[%emt 0:00:09]} 41. Rhe1 {[%emt 0:01:57]} Rf8 {[%emt 0:03:12]} 42. Qe2 {[%emt 0:03:47]} Qxf2 {[%emt 0:04:14]} 43. Rxe6+ {[%emt 0:00:17]} Rxe6 {[%emt 0:00:20]} 44. Qxe6+ {[%emt 0:00:20]} Qf6 {[%emt 0:00:21]} 45. Qd7 {[%emt 0:01:09]} Rf7 {[%emt 0:00:43]} 46. Qe8 {[%emt 0:00:38]} Kg7 {[%emt 0:00:36]} 47. Re6 {[%emt 0:03:59]} Qf5 {[%emt 0:00:29]} 48. Re5 {[%emt 0:01:54]} Qf6 {[%emt 0:01:50]} 1/2-1/2

[Event "7th Cattolica Open-B 2020"]
[Site "Cattolica"]
[Date "2020.08.31"]
[Round "1.5"]
[White "Mammi, Ottavio"]
[Black "Frescura, Davide"]
[Result "0-1"]
[WhiteElo "1633"]
[BlackElo "1916"]
[Annotator "ChessBase"]
[PlyCount "68"]
[EventDate "2020.08.31"]
[EventType "swiss"]
[EventCountry "ITA"]
[SourceTitle "playchess.com"]
[Source "ChessBase"]
[SourceQuality "1"]
[TimeControl "5400+30"]

1. c4 {[%emt 0:00:00]} c5 {[%emt 0:00:00]} 2. Nc3 {[%emt 0:00:11]} Nc6 {[%emt 0:00:50]} 3. g3 {[%emt 0:00:56]} g6 {[%emt 0:01:19]} 4. Bg2 {[%emt 0:02:02]} Bg7 {[%emt 0:00:38]} 5. d3 {[%emt 0:00:49]} e6 {[%emt 0:02:36]} 6. e4 {[%emt 0:03:23]} Nge7 {[%emt 0:03:03]} 7. Nge2 {[%emt 0:01:35]} a6 {[%emt 0:12:23]} 8. Be3 {[%emt 0:10:25]} Nd4 {[%emt 0:02:53]} 9. O-O {[%emt 0:03:15]} Nec6 {[%emt 0:08:32]} 10. Rb1 {[%emt 0:01:41]} Rb8 {[%emt 0:15:03]} 11. a3 {[%emt 0:02:27]} b5 {[%emt 0:02:10]} 12. cxb5 {[%emt 0:00:24]} axb5 {[%emt 0:00:16]} 13. b4 {[%emt 0:00:02]} Qe7 {[%emt 0:06:03]} 14. bxc5 {[%emt 0:07:58]} Qxc5 {[%emt 0:02:17]} 15. a4 {[%emt 0:00:15]} b4 {[%emt 0:08:46]} 16. Nb5 {[%emt 0:00:30]} e5 {[%emt 0:00:30]} 17. Nexd4 {[%emt 0:00:30]} Nxd4 {[%emt 0:00:30]} 18. Rc1 {[%emt 0:00:41]} Qe7 {[%emt 0:08:59]} 19. Nc7+ {[%emt 0:01:23]} Kf8 {[%emt 0:02:08]} 20. Nd5 {[%emt 0:00:12]} Qd8 {[%emt 0:02:12]} 21. f4 {[%emt 0:01:10]} Bh6 {[%emt 0:05:59]} 22. fxe5 {[%emt 0:00:48]} Bxe3+ {[%emt 0:00:09]} 23. Nxe3 {[%emt 0:00:10]} d6 {[%emt 0:03:24]} 24. exd6 {[%emt 0:01:08]} Be6 {[%emt 0:01:17]} 25. Nd5 {[%emt 0:00:46]} Qxd6 {[%emt 0:01:25]} 26. Rc4 {[%emt 0:00:30]} b3 {[%emt 0:00:30]} 27. Rxd4 {[%emt 0:00:30]} Qc5 {[%emt 0:01:41]} 28. Qa1 {[%emt 0:01:28]} b2 {[%emt 0:00:13]} 29. Qa2 {[%emt 0:00:01]} Qxd4+ {[%emt 0:00:40]} 30. Kh1 {[%emt 0:00:16]} Qxd3 {[%emt 0:00:36]} 31. Rf3 {[%emt 0:02:55]} b1=Q+ {[%emt 0:00:33]} 32. Qxb1 {[%emt 0:00:43]} Rxb1+ {[%emt 0:00:11]} 33. Rf1 {[%emt 0:00:06]} Rxf1+ {[%emt 0:00:07]} 34. Bxf1 {[%emt 0:00:03]} Qxf1# {[%emt 0:09:07]} 0-1

[Event "7th Cattolica Open-B 2020"]
[Site "Cattolica"]
[Date "2020.08.31"]
[Round "1.6"]
[White "Modena, Giorgio"]
[Black "Saviane, Giorgio"]
[Result "0-1"]
[WhiteElo "1869"]
[BlackElo "1643"]
[Annotator "NA"]
[PlyCount "56"]
[EventDate "2020.08.31"]
[EventType "swiss"]
[EventCountry "ITA"]
[SourceTitle "playchess.com"]
[Source "ChessBase"]
[SourceQuality "1"]
[TimeControl "5400+30"]

1. e4 {[%emt 0:00:00]} e5 {[%emt 0:00:00]} 2. Nf3 {[%emt 0:00:00]} Nc6 {[%emt 0:00:29]} 3. Bb5 {[%emt 0:00:04]} a6 {[%emt 0:00:57]} 4. Ba4 {[%emt 0:00:12]} Nf6 {[%emt 0:01:07]} 5. O-O {[%emt 0:00:28]} Be7 {[%emt 0:00:55]} 6. Re1 {[%emt 0:00:10]} b5 {[%emt 0:01:03]} 7. Bb3 {[%emt 0:00:09]} O-O {[%emt 0:00:24]} 8. c3 {[%emt 0:00:13]} d5 {[%emt 0:03:48]} 9. exd5 {[%emt 0:00:33]} Nxd5 {[%emt 0:00:18]} 10. Nxe5 {[%emt 0:00:42]} Nxe5 {[%emt 0:00:14]} 11. Rxe5 {[%emt 0:00:05]} c6 {[%emt 0:00:13]} 12. d4 {[%emt 0:00:16]} Bd6 {[%emt 0:00:33]} 13. Re1 {[%emt 0:00:05]} Qh4 {[%emt 0:01:32]} 14. g3 {[%emt 0:00:22]} Qh3 {[%emt 0:00:38]} 15. Qd3 {[%emt 0:00:29]} Bf5 {[%emt 0:11:07]} 16. Qf1 {[%emt 0:01:08]} Qh5 {[%emt 0:01:30]} 17. Bd1 {[%emt 0:23:44]} Qg6 {[%emt 0:00:55]} 18. Nd2 {[%emt 0:08:40]} Nf4 {[%emt 1:13:17]} 19. Re3 {[%emt 0:01:53]} Bh3 {[%emt 0:00:00]} 20. Qe1 {[%emt 0:00:39]} Ng2 {[%emt 0:00:00]} 21. Qe2 {[%emt 0:01:02]} Nxe3 {[%emt 0:00:00]} 22. fxe3 {[%emt 0:00:18]} Rfe8 {[%emt 0:00:00]} 23. Nf3 {[%emt 0:03:28]} Bg4 {[%emt 0:00:00]} 24. Qf2 {[%emt 0:01:35]} Qf5 {[%emt 0:00:00]} 25. Bd2 {[%emt 0:01:23]} Re6 {[%emt 0:00:00]} 26. e4 {[%emt 0:09:39]} Rxe4 {[%emt 0:00:00]} 27. Bc2 {[%emt 0:02:08]} Qxf3 {[%emt 0:00:00]} 28. Qxf3 {[%emt 0:00:48]} Bxf3 {[%emt 0:00:00]} 0-1

[Event "7th Cattolica Open-B 2020"]
[Site "Cattolica"]
[Date "2020.08.31"]
[Round "1.7"]
[White "Almici, Daniele"]
[Black "Vitaliani, Marco"]
[Result "0-1"]
[WhiteElo "1630"]
[BlackElo "1911"]
[Annotator "ChessBase"]
[PlyCount "64"]
[EventDate "2020.08.31"]
[EventType "swiss"]
[EventCountry "ITA"]
[SourceTitle "playchess.com"]
[Source "ChessBase"]
[SourceQuality "1"]
[TimeControl "5400+30"]

1. e4 {[%emt 0:00:00]} e6 {[%emt 0:00:00]} 2. d3 {[%emt 0:00:00]} d5 {[%emt 0:00:02]} 3. Nd2 {[%emt 0:00:08]} c5 {[%emt 0:00:41]} 4. g3 {[%emt 0:00:35]} Bd6 {[%emt 0:02:20]} 5. Bg2 {[%emt 0:01:14]} Ne7 {[%emt 1:29:27]} 6. f4 {[%emt 0:01:42]} dxe4 {[%emt 0:00:00]} 7. Nxe4 {[%emt 0:03:46]} Nbc6 {[%emt 0:00:00]} 8. Nf3 {[%emt 0:03:40]} O-O {[%emt 0:00:00]} 9. O-O {[%emt 0:03:14]} b6 {[%emt 0:00:00]} 10. Nfg5 {[%emt 0:04:39]} h6 {[%emt 0:00:00]} 11. Qh5 {[%emt 0:02:36]} Bc7 {[%emt 0:00:00]} 12. Nf3 {[%emt 0:09:44]} Bb7 {[%emt 0:00:00]} 13. g4 {[%emt 0:03:38]} Nd4 {[%emt 0:04:00]} 14. Rf2 {[%emt 0:04:51]} Nxc2 {[%emt 0:00:00]} 15. Bf1 {[%emt 0:17:26]} f5 {[%emt 0:00:00]} 16. Neg5 {[%emt 0:08:53]} Bxf3 {[%emt 0:00:00]} 17. Nxf3 {[%emt 0:00:17]} Nxa1 {[%emt 0:00:00]} 18. g5 {[%emt 0:00:55]} g6 {[%emt 0:00:00]} 19. Qh4 {[%emt 0:06:44]} h5 {[%emt 0:00:00]} 20. b3 {[%emt 0:01:33]} Nc6 {[%emt 0:00:00]} 21. Bb2 {[%emt 0:01:02]} Nxb3 {[%emt 0:00:00]} 22. axb3 {[%emt 0:00:06]} a5 {[%emt 0:00:00]} 23. Rd2 {[%emt 0:01:27]} Nd4 {[%emt 0:00:00]} 24. Nxd4 {[%emt 0:00:59]} cxd4 {[%emt 0:00:00]} 25. Be2 {[%emt 0:02:50]} Qd7 {[%emt 0:00:00]} 26. Bf3 {[%emt 0:06:43]} Rac8 {[%emt 0:00:00]} 27. Re2 {[%emt 0:00:18]} b5 {[%emt 0:00:00]} 28. Bxh5 {[%emt 0:03:15]} gxh5 {[%emt 0:00:00]} 29. g6 {[%emt 0:01:13]} Qg7 {[%emt 0:00:00]} 30. Rxe6 {[%emt 0:01:40]} Rfe8 {[%emt 0:00:00]} 31. Ra6 {[%emt 0:00:48]} Re2 {[%emt 0:00:00]} 32. Bxd4 {[%emt 0:01:07]} Qxd4+ {[%emt 0:00:01]} 0-1

[Event "7th Cattolica Open-B 2020"]
[Site "Cattolica"]
[Date "2020.08.31"]
[Round "1.8"]
[White "Gasperi, Fosco"]
[Black "Maselli, David"]
[Result "1-0"]
[WhiteElo "1878"]
[BlackElo "1649"]
[Annotator "NA"]
[PlyCount "69"]
[EventDate "2020.08.31"]
[EventType "swiss"]
[EventCountry "ITA"]
[SourceTitle "playchess.com"]
[Source "ChessBase"]
[SourceQuality "1"]
[TimeControl "5400+30"]

1. d4 {[%emt 0:00:00]} Nf6 {[%emt 0:00:00]} 2. c4 {[%emt 0:00:00]} c5 {[%emt 0:00:33]} 3. d5 {[%emt 0:00:13]} b5 {[%emt 0:00:21]} 4. Nf3 {[%emt 0:00:57]} d6 {[%emt 0:02:17]} 5. a4 {[%emt 0:01:10]} bxc4 {[%emt 0:01:34]} 6. Nc3 {[%emt 0:01:01]} a5 {[%emt 0:01:27]} 7. e4 {[%emt 0:00:50]} g6 {[%emt 0:02:44]} 8. Bxc4 {[%emt 0:00:34]} Bg7 {[%emt 0:00:55]} 9. e5 {[%emt 0:05:05]} Ng4 {[%emt 0:02:38]} 10. Bb5+ {[%emt 0:04:59]} Bd7 {[%emt 0:02:25]} 11. e6 {[%emt 0:01:04]} fxe6 {[%emt 0:00:24]} 12. Ng5 {[%emt 0:00:36]} Bxb5 {[%emt 0:16:43]} 13. Nxb5 {[%emt 0:03:10]} Nxf2 {[%emt 0:07:11]} 14. Kxf2 {[%emt 0:01:22]} O-O+ {[%emt 0:00:15]} 15. Ke1 {[%emt 0:04:22]} Rf5 {[%emt 0:01:18]} 16. Nxe6 {[%emt 0:02:06]} Re5+ {[%emt 0:02:21]} 17. Kf2 {[%emt 0:03:51]} Rf5+ {[%emt 0:01:08]} 18. Kg1 {[%emt 0:01:05]} Qb6 {[%emt 0:00:28]} 19. Nxg7 {[%emt 0:02:02]} Kxg7 {[%emt 0:00:56]} 20. Qe2 {[%emt 0:01:50]} Re5 {[%emt 0:01:19]} 21. Be3 {[%emt 0:01:54]} Na6 {[%emt 0:01:08]} 22. h3 {[%emt 0:01:25]} Nb4 {[%emt 0:00:35]} 23. Nc3 {[%emt 0:02:25]} e6 {[%emt 0:03:08]} 24. dxe6 {[%emt 0:00:48]} Re8 {[%emt 0:00:55]} 25. Qd2 {[%emt 0:00:37]} R8xe6 {[%emt 0:00:38]} 26. Bh6+ {[%emt 0:00:34]} Kg8 {[%emt 0:00:31]} 27. Rf1 {[%emt 0:00:24]} c4+ {[%emt 0:00:36]} 28. Kh2 {[%emt 0:00:22]} Re8 {[%emt 0:00:09]} 29. Qf4 {[%emt 0:00:20]} Rf5 {[%emt 0:00:18]} 30. Qxc4+ {[%emt 0:00:36]} d5 {[%emt 0:00:32]} 31. Qb5 {[%emt 0:01:58]} Qd6+ {[%emt 0:01:04]} 32. g3 {[%emt 0:01:00]} Rb8 {[%emt 0:03:30]} 33. Rxf5 {[%emt 0:07:13]} gxf5 {[%emt 0:00:57]} 34. Bf4 {[%emt 0:00:21]} Rxb5 {[%emt 0:00:23]} 35. Bxd6 {[%emt 0:00:15]} 1-0

[Event "7th Cattolica Open-B 2020"]
[Site "Cattolica"]
[Date "2020.08.31"]
[Round "1.9"]
[White "Beltrami, Iacopo"]
[Black "Pizzoferrato, Mattia"]
[Result "0-1"]
[WhiteElo "1619"]
[BlackElo "1854"]
[Annotator "NA"]
[PlyCount "23"]
[EventDate "2020.08.31"]
[EventType "swiss"]
[EventCountry "ITA"]
[SourceTitle "playchess.com"]
[Source "ChessBase"]
[SourceQuality "1"]
[TimeControl "5400+30"]

1. e4 {[%emt 0:00:00]} c5 {[%emt 0:00:00]} 2. Nf3 {[%emt 0:00:14]} d6 {[%emt 0:00:00]} 3. d4 {[%emt 0:00:29]} cxd4 {[%emt 0:00:00]} 4. Nxd4 {[%emt 0:00:45]} Nf6 {[%emt 0:00:00]} 5. f3 {[%emt 0:00:45]} a6 {[%emt 0:01:45]} 6. c4 {[%emt 0:00:58]} g6 {[%emt 0:01:31]} 7. Be3 {[%emt 0:01:36]} Bg7 {[%emt 0:00:43]} 8. Be2 {[%emt 0:03:28]} Nbd7 {[%emt 0:01:17]} 9. O-O {[%emt 0:04:32]} Qc7 {[%emt 0:03:09]} 10. Qd2 {[%emt 0:05:45]} Ne5 {[%emt 0:04:28]} 11. b3 {[%emt 0:04:17]} O-O {[%emt 0:05:02]} 12. Nc3 {[%emt 0:08:13]} 0-1

[Event "7th Cattolica Open-B 2020"]
[Site "Cattolica"]
[Date "2020.08.31"]
[Round "1.10"]
[White "Mammi, Samuele"]
[Black "Pilo, Sergio"]
[Result "1-0"]
[WhiteElo "1847"]
[BlackElo "1568"]
[Annotator "NA"]
[PlyCount "125"]
[EventDate "2020.08.31"]
[EventType "swiss"]
[EventCountry "ITA"]
[SourceTitle "playchess.com"]
[Source "ChessBase"]
[SourceQuality "1"]
[TimeControl "5400+30"]

1. c4 {[%emt 0:00:00]} e6 {[%emt 0:00:05]} 2. Nc3 {[%emt 0:00:31]} Nf6 {[%emt 0:01:30]} 3. e4 {[%emt 0:00:53]} Bb4 {[%emt 0:04:46]} 4. e5 {[%emt 0:02:23]} Ng8 {[%emt 0:01:44]} 5. Qg4 {[%emt 0:00:41]} Kf8 {[%emt 0:02:01]} 6. d4 {[%emt 0:05:29]} d5 {[%emt 0:02:42]} 7. c5 {[%emt 0:07:11]} b6 {[%emt 0:04:12]} 8. cxb6 {[%emt 0:23:10]} axb6 {[%emt 0:01:27]} 9. Bd3 {[%emt 0:02:23]} Ba6 {[%emt 0:04:28]} 10. Bc2 {[%emt 0:02:22]} c5 {[%emt 0:03:42]} 11. a3 {[%emt 0:11:55]} Ba5 {[%emt 0:08:35]} 12. Be3 {[%emt 0:03:47]} Nd7 {[%emt 0:02:31]} 13. Nge2 {[%emt 0:03:26]} Ne7 {[%emt 0:04:30]} 14. O-O {[%emt 0:00:57]} h5 {[%emt 0:05:13]} 15. Qf3 {[%emt 0:04:22]} Ke8 {[%emt 0:05:47]} 16. Rfb1 {[%emt 0:01:48]} Nc6 {[%emt 0:03:36]} 17. Nf4 {[%emt 0:12:11]} Qe7 {[%emt 0:18:01]} 18. Ncxd5 {[%emt 0:03:32]} exd5 {[%emt 0:02:52]} 19. Nxd5 {[%emt 0:00:07]} Ndxe5 20. dxe5 Nxe5 {[%emt 0:22:18]} 21. Qe4 {[%emt 0:13:22]} Qd6 {[%emt 0:00:00]} 22. Nc7+ {[%emt 0:00:00]} Qxc7 {[%emt 0:00:00]} 23. Qxa8+ {[%emt 0:00:00]} Bc8 {[%emt 0:00:26]} 24. Ba4+ {[%emt 0:00:00]} Ke7 {[%emt 0:00:49]} 25. Bf4 {[%emt 0:00:00]} Ke6 {[%emt 0:00:39]} 26. b4 {[%emt 0:00:00]} cxb4 {[%emt 0:00:18]} 27. axb4 {[%emt 0:00:00]} Bxb4 {[%emt 0:00:36]} 28. Rxb4 {[%emt 0:00:00]} Qc3 {[%emt 0:00:28]} 29. Bb3+ {[%emt 0:00:00]} Kf5 {[%emt 0:01:14]} 30. Qe4+ {[%emt 0:00:00]} Kf6 {[%emt 0:00:00]} 31. Bxe5+ {[%emt 0:00:00]} Qxe5 {[%emt 0:00:05]} 32. Rxb6+ {[%emt 0:00:00]} Be6 {[%emt 0:00:25]} 33. Qxe5+ {[%emt 0:00:00]} Kxe5 {[%emt 0:00:12]} 34. Re1+ {[%emt 0:00:00]} Kf5 35. Bxe6+ {[%emt 0:00:00]} fxe6 {[%emt 0:01:00]} 36. Rbxe6 {[%emt 0:00:00]} Ra8 {[%emt 0:00:00]} 37. R6e5+ {[%emt 0:00:00]} Kf6 {[%emt 0:00:00]} 38. Rxh5 {[%emt 0:00:00]} g6 {[%emt 0:00:00]} 39. Rhe5 {[%emt 0:00:00]} Kg7 {[%emt 0:00:30]} 40. g3 {[%emt 0:00:00]} Ra2 {[%emt 0:00:12]} 41. Kg2 {[%emt 0:00:00]} Ra3 {[%emt 0:00:07]} 42. Re7+ {[%emt 0:00:00]} Kh6 {[%emt 0:00:07]} 43. R1e4 {[%emt 0:00:00]} Ra5 {[%emt 0:00:32]} 44. Rh4+ {[%emt 0:00:00]} Kg5 {[%emt 0:04:20]} 45. f4+ Kf6 {[%emt 0:00:00]} 46. Re2 {[%emt 0:00:00]} Ra8 {[%emt 0:00:00]} 47. Rh7 {[%emt 0:00:00]} Ra3 {[%emt 0:00:00]} 48. Rhe7 {[%emt 0:00:00]} Ra6 {[%emt 0:00:00]} 49. Kf3 {[%emt 0:00:00]} Ra3+ {[%emt 0:00:00]} 50. Kg4 {[%emt 0:00:00]} Ra6 {[%emt 0:00:00]} 51. h4 {[%emt 0:00:00]} Rb6 {[%emt 0:00:00]} 52. h5 {[%emt 0:00:00]} gxh5+ {[%emt 0:00:00]} 53. Kxh5 {[%emt 0:00:00]} Rb5+ {[%emt 0:00:00]} 54. R2e5 {[%emt 0:00:00]} Rxe5+ {[%emt 0:00:00]} 55. Rxe5 {[%emt 0:00:00]} Kg7 {[%emt 0:00:00]} 56. Kg5 {[%emt 0:00:00]} Kf7 {[%emt 0:00:00]} 57. f5 {[%emt 0:00:00]} Kg7 {[%emt 0:00:00]} 58. Re7+ {[%emt 0:00:00]} Kf8 {[%emt 0:00:00]} 59. Kf6 {[%emt 0:00:00]} Kg8 {[%emt 0:00:00]} 60. Rf7 {[%emt 0:00:00]} Kh8 {[%emt 0:00:00]} 61. Kg6 {[%emt 0:00:00]} Kg8 {[%emt 0:00:25]} 62. Rf6 {[%emt 0:00:00]} Kh8 {[%emt 0:00:10]} 63. Rf8# {[%emt 0:00:00]} 1-0

[Event "7th Cattolica Open-B 2020"]
[Site "Cattolica"]
[Date "2020.09.01"]
[Round "2.2"]
[White "Tacconi, Antonio"]
[Black "Cote, Frederic"]
[Result "0-1"]
[WhiteElo "1752"]
[BlackElo "1917"]
[Annotator "TA"]
[PlyCount "80"]
[EventDate "2020.08.31"]
[EventType "swiss"]
[EventCountry "ITA"]
[SourceTitle "playchess.com"]
[Source "ChessBase"]
[SourceQuality "1"]

{[%evp 9,80,7,28,27,29,0,6,-3,17,-18,29,29,17,27,27,20,28,14,57,0,62,54,61,49,78,74,63,62,82,75,89,28,48,33,54,61,52,66,87,7,0,22,114,0,7,-58,54,-8,-8,-14,-8,-40,-50,-46,-42,-45,-39,-349,-221,-264,-260,-310,-78,-80,-82,-85,0,0,8,0,8,0,29]} 1. c4 e5 2. Nc3 d6 3. Nf3 Be7 4. d4 Nd7 5. Nd5 {[#]} c6 $146 ({Predecessor:} 5... Ngf6 6. Nxe7 Qxe7 7. e3 O-O 8. Be2 b6 9. O-O Bb7 10. b3 Ne4 11. Bb2 Ng5 12. Ne1 {0-1 (41) Knaak,R (2495)-Espig,L (2470) Halle-Neustadt 1982}) 6. Nxe7 {A21: English Opening: 1...e5 2 Nc3.} Qxe7 7. g3 Ngf6 8. Bg2 O-O 9. O-O Re8 (9... e4 $5 {[%cal Re4f3]} 10. Ne1 d5 $11) 10. dxe5 dxe5 11. b3 Nf8 12. Bb2 Ng6 13. Qc2 a5 (13... e4 $5 {[%cal Re4f3]}) 14. a3 (14. Nd2 $14) 14... Qc7 (14... e4 $11 15. Nd4 h5) 15. Rad1 h6 16. Nd2 Kh8 17. Qc3 Bg4 18. Rfe1 Rad8 19. h3 Bf5 20. Nf3 (20. c5 $16) 20... Rxd1 $11 21. Rxd1 Qb6 22. Nd2 Rd8 23. Rc1 Kg8 24. g4 (24. c5 $16 Qa7 25. e4) 24... Be6 25. Ne4 Nf4 (25... h5 $11) 26. Nxf6+ (26. Qxe5 $16 Nxe2+ 27. Kh2 Nxc1 28. Nxf6+ gxf6 29. Qxf6) 26... gxf6 27. Qc2 (27. Bf1 $1 $11) 27... Qc5 (27... h5 $15) 28. Rd1 (28. Bf1 $1 $14) 28... Rxd1+ 29. Qxd1 a4 $36 {[%mdl 2048] [#] Strongly threatening ...axb3. Black fights for an advantage.} 30. e3 (30. Bf1 {keeps more tension.} axb3 31. e3 Ng6 32. Qxb3 b5 33. Qb4) 30... Nxg2 31. Kxg2 axb3 32. Qxb3 Bxc4 33. Qxb7 $2 {[%mdl 8192]} (33. Qd1 $1 $15) 33... Bd5+ 34. Kg3 Qc2 35. Qb4 {[#]} Qe2 $2 (35... c5 $1 $19 {[%cal Rc5b4]} 36. Qc3 Qe4) 36. e4 $17 Bxe4 {( -> ...Qf3+)} 37. Qc3 Qd1 ({Better is} 37... h5 $17 {aiming for ...h4+!} 38. Qe3 Qxb2 39. Qxe4 Qxa3+ 40. Kh2 Qa7) 38. Qe3 $11 {The position is equal.} Qg1+ 39. Kh4 Bg6 40. Bc3 h5 {[%mdl 32768] Accuracy: White = 55%, Black = 60%. . Loss on time!?} 0-1